Misteri harimau sakai

Bibliographic Details
Main Author: Wan Kharuddin Bin Wan Mohd.Hashim
Format: Book
Published: Selangor : Pustaka murni , 1996
Series:Siri misteri permata biru
Subjects:

MARC

LEADER 00000cam a2200000 7i4500
001 0000078144
005 20180128.0
008 180128
020 |a 9830780015 
020 |a 983078021X (set) 
090 0 0 |a JF   |b MAL 
100 1 |a Wan Kharuddin Bin Wan Mohd.Hashim 
245 1 0 |a Misteri harimau sakai   |c Wan Kharuddin bin Wan Mohd.Hashim 
260 |a Selangor :   |b Pustaka murni ,   |c 1996 
490 1 |a Siri misteri permata biru 
650 0 |a Malay fiction 
999 |a 0000448553   |b Book   |c Children Collection   |e Cawangan Pontian